| 000 | 00746nam a2200253Ia 4500 | ||
|---|---|---|---|
| 003 | OSt | ||
| 005 | 20220918202855.0 | ||
| 006 | a|||||r|||| 00| 0 | ||
| 007 | ta | ||
| 008 | 220917b |||||||| |||| 00| 0 eng d | ||
| 024 | _a104,486 | ||
| 037 | _cTextual | ||
| 040 |
_aARTS _cARTS _beng |
||
| 041 |
_2eng _aeng |
||
| 082 | _aV2:21wJ67x, L8 | ||
| 100 |
_aBeveridge Henry Ed. _9105674 |
||
| 245 | 0 | _aTuzuk-I-Jahangiri or memories of Jahangir translated by Alexander Ragers; edited by Henry Beveridge | |
| 250 | _a3rd | ||
| 260 |
_aNew Delhi _bMushiram Manoharlal _c1978 |
||
| 300 |
_axiii, 315p. _ccm. |
||
| 650 | _aHISTORY | ||
| 942 |
_hV2:21wJ67x, L8 _cTEXL _2CC |
||
| 999 |
_c227851 _d227851 |
||